000 00589aab a2200193 4500
001 768714001
003 CO-MdFUSB
005 20240612104922.0
008 170512s1996 cr ||||| |||| 00| 0 spa d
022 _a1409-1968
040 _aCO-MdFUSB
_bspa
_cCO-MdFUSB
_dCO-MdFUSB
041 _aspa
245 1 0 _aBosquejos para sermones
300 _aVolumen 13. Número 3 (1996), páginas 48-49
_c: 27 cm.
650 7 _aHermenéutica bíblica
_97333
773 0 _tApuntes Pastorales
_049442
_960176
_gVolumen 13. Número 3 (1996), páginas 48-49
_qPágina 48
942 _cANA
945 _aJTF-925
999 _c55475
_d55475